000
00294nam a22001337a 4500
008
181101b xxu||||| |||| 00| 0 eng d
020
_a
9780323052214
041
_a
eng
080
_2
3rd
_a
610
100
_a
4
101
_a
SHM
245
_a
The Medical Interview
_c
Cole,S.A
942
_2
udc
_c
BK
999
_c
51419
_d
51419